=LDR 00000nam 2200000 4500 =001 INLIS000000000021238 =005 20130612120119 =008 ***********************************Ind** =035 ##$$0010-061300000021238 =041 ##$$a Ind =082 ##$$a 2X1.6 =090 ##$$a 2X1.6, Hid t =100 ##$$a Hidayat, Kidh =245 ##$$a Tiga puluh dongeng sebelum tidur untuk anak muslim, Kidh Hidayat =260 ##$$a 2004 $b Surabaya =300 ##$$a 96 hlm, ilus, 19 cm =650 ##$$a Cerita anak muslim =850 ##$$a NBPNMAT